000 01835nam a2200529 i 4500
001 52657
003 KOSZ 005
005 20221012141919.0
008 070314s2006 pl a f f |001 0 pol
015 _aUWD 2007/6398
020 _a8301146737
020 _a8301146745
020 _a9788301146733
020 _a9788301146740
035 _a991033279809705066
035 _a(PL-WaBN)b18914779-48omnis_nlop
035 _ab18914779
035 _a(OCoLC)749576333
035 _azz2007982169
035 _a(PL)b0000001891477
035 _a(EXLNZ-48OMNIS_NETWORK)9910172904105606
040 _aWA N
_cWA N
_dKOSZ 005/HR
041 1 _apol
_heng
046 _k2005
080 _a531
080 _a(075.8)
100 1 _aTaylor, John R.
_d(1939- )
_eAutor
245 1 0 _aMechanika klasyczna.
_n1 /
_cJohn R. Taylor ; z jęz. ang. tł. Piotr Rączka.
246 1 _iTyt. oryg.:
_aClassical mechanics,
_f2005
260 _aWarszawa :
_bWydawnictwo Naukowe PWN,
_c2006.
300 _aXIII, [1], 486 s. :
_bil. ;
_c24 cm.
336 _aTekst
_btxt
_2rdacontent
337 _aBez urządzenia pośredniczącego
_bn
_2rdamedia
338 _aWolumin
_bnc
_2rdacarrier
380 _aKsiążki
388 _a2001-
504 _aBibliogr. s. 477. Indeks.
521 8 _aPodręcznik dla studentów fizyki, astronomii, matematyki, elektroniki i telekomunikacji, energetyki, chemii oraz wykładowców i pracowników naukowych.
650 7 _aMechanika
_2DBN
655 7 _aPodręczniki akademickie
_2DBN
658 _aFizyka i astronomia
700 1 _aRączka, Piotr
_d(1958- )
_eTłumaczenie
710 2 _aWydawnictwo Naukowe PWN
_4pbl
856 _uhttp://koha.tu.koszalin.pl/cgi-bin/koha/opac-detail.pl?biblionumber=52657
_yKatalog online BPK
942 _2UKD
_cKS
999 _c52657
_d52657